000 00662nam a2200241 i 4500
001 C2-0288372
003 PPAK
005 20180728021507.0
008 080508s2007 nyu |||| ||||| | eng d
020 _a9780814474433
040 _aPPAK
_beng
_cPPAK
_erda
082 0 4 _a650.13
_223
090 0 0 _a650.13
_bADD
_dLCK
100 1 _aAddesso, Patricia J.,
_eauthor
245 1 4 _aThe boss from outer space and other aliens at work
264 1 _aNew York :
_bAmacom ,
_c2007
300 _av, 216 pages ;
_c23 cm
336 _2rdacontent
_atext
337 _2rdamedia
_aunmediated
338 _2rdacarrier
_avolume
650 1 0 _aOffice politics.
942 _ddc
_cB
999 _c93999
_d93999